Szczegóły MARC21

Zeszyty Naukowe. Ekonomia /

001 -Numer kontrolny rekordu [,]
    • @
    • pole kontrolne
    • ee96402857
005 -Data i czas ostatniej zmiany [,]
    • @
    • Data ostatniej zmiany
    • 20260411172747.0
022 -Międzynarodowy Znormalizowany Numer Wydawnictwa Ciągłego - ISSN [ , ]
    • a
    • International Standard Serial Number
    • 1234-5369
035 -Inne numery kontrolne [ , ]
    • a
    • Numer kontrolny
    • (OCoLC)68756528
040 -Instytucja sporządzająca opis [ , ]
    • a
    • Instytucja, która sporządziła opis (NP)
    • WR U/IZ
    • c
    • Instytucja, która sporządziła rekord (NP)
    • WR U/IZ
    • d
    • Instytucja, która zmodyfikowała rekord (P)
    • WR U/JŁ
    • d
    • Instytucja, która zmodyfikowała rekord (P)
    • GD U/EN
    • d
    • Instytucja, która zmodyfikowała rekord (P)
    • KAT U/MoKus
942 -Rodzaj dokumentu [ , ]
    • c
    • Rodzaj dokumentu
    • Wydaw. ciągłe w tym czasopisma
210 -Skrót tytułu [1, ]
    • a
    • Skrót tytułu
    • Zesz. Nauk. - Uniw. Opol., Ekon.
222 -Tytuł kluczowy [ ,0]
    • a
    • Tytuł kluczowy
    • Zeszyty Naukowe - Uniwersytet Opolski. Ekonomia
245 -Strefa tytułu i oznaczenia odpowiedzialności [0,0]
    • a
    • Tytuł
    • Zeszyty Naukowe.
    • p
    • Nazwa części (P)
    • Ekonomia /
    • c
    • Pozostałe elementy strefy tytułu i oznaczenia odpowiedzialności (NP)
    • Uniwersytet Opolski.
246 -Wariant tytułu [3,0]
    • a
    • Tytuł (NP)
    • Ekonomia
246 -Wariant tytułu [1,4]
    • a
    • Tytuł (NP)
    • Zeszyty Naukowe Uniwersytetu Opolskiego.
    • p
    • Nazwa części (P)
    • Ekonomia
260 -Strefa adresu wydawniczego [ , ]
    • a
    • Miejsce wydania (P)
    • Opole :
    • b
    • Nazwa wydawcy (P)
    • Wydaw. Uniw. Opolskiego,
    • c
    • Data wydania (P)
    • 1994-.
300 -Strefa opisu fizycznego [ , ]
    • c
    • Format (NP)
    • 24 cm.
310 -Częstotliwość [ , ]
    • a
    • Częstotliwość
    • Niereg.
336 -Typ zawartości [ , ]
    • a
    • Termin opisujący typ zawartości
    • Tekst
    • b
    • Typ/rodzaj nośnika
    • txt
    • 2
    • Źródło (termin i kod)
    • rdacontent
337 -Typ mediów [ , ]
    • a
    • Tryb odtwarzania
    • Bez urządzenia pośredniczącego
    • b
    • Kod typu mediów
    • n
    • 2
    • Źródło (termin i kod)
    • rdamedia
338 -Typ/rodzaj nośnika [ , ]
    • a
    • Hasło opisujące typ nośnika
    • Wolumin
    • b
    • Kod typu nośnika
    • nc
    • 2
    • Źródło (termin i kod)
    • rdacarrier
362 -Strefa numeracji [0, ]
    • a
    • Strefa numeracji
    • 20 (1994)-.
515 -Uwaga dot. numeracji [ , ]
    • a
    • Odstępstwa w numeracji
    • Czasop. kontynuuje numerację wydaw. p.t. "Zeszyty Naukowe. Ekonomia".
610 -SUBJECT ADDED ENTRY--CORPORATE NAME [2,7]
    • a
    • Corporate name or jurisdiction name as entry element
    • Uniwersytet Opolski
650 -Hasło przedmiotowe - nazwa pospolita [ ,7]
    • a
    • Hasło przedmiotowe
    • Ekonomia
650 -Hasło przedmiotowe - nazwa pospolita [ ,7]
    • a
    • Hasło przedmiotowe
    • Ekonomia
655 -INDEX TERM--GENRE/FORM [ ,7]
    • a
    • Genre/form data or focus term
    • Czasopismo naukowe
655 -INDEX TERM--GENRE/FORM [ ,7]
    • a
    • Genre/form data or focus term
    • Czasopismo polskie
655 -INDEX TERM--GENRE/FORM [ ,7]
    • a
    • Genre/form data or focus term
    • Prasa ekonomiczna
    • z
    • Geographic subdivision
    • Polska
655 -INDEX TERM--GENRE/FORM [ ,7]
    • a
    • Genre/form data or focus term
    • Czasopisma naukowe
    • z
    • Geographic subdivision
    • Polska
710 -Hasło dodatkowe - nazwa ciała zbiorowego [2, ]
    • a
    • Nazwa ciała zbiorowego lub nazwa geograficzna jako pierwszy element (NP)
    • Uniwersytet Opolski.
710 -Hasło dodatkowe - nazwa ciała zbiorowego [2, ]
    • a
    • Nazwa ciała zbiorowego lub nazwa geograficzna jako pierwszy element (NP)
    • Uniwersytet Opolski.
    • b
    • Nazwa jednostki podrzędnej (P)
    • Dział Wydawnictw.
    • 4
    • Określenie rodzaju współpracy
    • pbl
780 -Tytuł poprzedni wydawnictwa [0,0]
    • t
    • Title
    • Zeszyty Naukowe. Ekonomia / Wyższa Szkoła Pedagogiczna im. Powstańców Śląskich w Opolu
    • g
    • Relationship information
    • 19 (1993)
    • x
    • International Standard Serial Number
    • 0474-2966
    • w
    • Record control number
    • (NUKAT)ee96402916
866 -Niesformalizowane zestawienie zasobów [4,0]
    • 1
    • Numer porządkowy egz.
    • 1
    • 8
    • Numer przyłączenia i sekwencyjny
    • zasób tylko w polu 866
852 -Numer inwentarzowy [ , ]
    • 1
    • Numer porządkowy egz.
    • 1
    • a
    • Lokalizacja siglum biblioteki
    • SZCZ U
952 -Egzemplarz [ , ]
    • a
    • Numer inwentarzowy
    • Ec.45661
    • c
    • Sygnatura
    • Ec.27640
    • d
    • Lokalizacja
    • BE Biblioteka Ekonomiczna
    • i
    • Nr tomu wydaw.cg
    • 20 (1994)
    • p
    • Kod kreskowy
    • 2003200456613
    • r
    • Cena
    • 5.00
    • y
    • Status udostępniania
    • Tylko na miejscu
    • z
    • Sposób nabycia
952 -Egzemplarz [ , ]
    • a
    • Numer inwentarzowy
    • Ec.45662
    • c
    • Sygnatura
    • Ec.27640
    • d
    • Lokalizacja
    • BE Biblioteka Ekonomiczna
    • i
    • Nr tomu wydaw.cg
    • 21 (1995)
    • p
    • Kod kreskowy
    • 2003200456620
    • r
    • Cena
    • 5.00
    • y
    • Status udostępniania
    • Tylko na miejscu
    • z
    • Sposób nabycia
952 -Egzemplarz [ , ]
    • a
    • Numer inwentarzowy
    • Ec.45935
    • c
    • Sygnatura
    • Ec.27640
    • d
    • Lokalizacja
    • BE Biblioteka Ekonomiczna
    • i
    • Nr tomu wydaw.cg
    • 22 (1996)
    • p
    • Kod kreskowy
    • 2003200459355
    • r
    • Cena
    • 5.00
    • y
    • Status udostępniania
    • Tylko na miejscu
    • z
    • Sposób nabycia
952 -Egzemplarz [ , ]
    • a
    • Numer inwentarzowy
    • Ec.46283
    • c
    • Sygnatura
    • Ec.27640
    • d
    • Lokalizacja
    • BE Biblioteka Ekonomiczna
    • i
    • Nr tomu wydaw.cg
    • 23 (1996)
    • p
    • Kod kreskowy
    • 2003200462836
    • r
    • Cena
    • 9.00
    • y
    • Status udostępniania
    • Tylko na miejscu
    • z
    • Sposób nabycia
952 -Egzemplarz [ , ]
    • a
    • Numer inwentarzowy
    • Ec.48096
    • c
    • Sygnatura
    • Ec.27640
    • d
    • Lokalizacja
    • BE Biblioteka Ekonomiczna
    • i
    • Nr tomu wydaw.cg
    • 24 (1998)
    • p
    • Kod kreskowy
    • 2003200480960
    • r
    • Cena
    • 12.00
    • y
    • Status udostępniania
    • Tylko na miejscu
    • z
    • Sposób nabycia
952 -Egzemplarz [ , ]
    • a
    • Numer inwentarzowy
    • Ec.48450
    • c
    • Sygnatura
    • Ec.27640
    • d
    • Lokalizacja
    • BE Biblioteka Ekonomiczna
    • i
    • Nr tomu wydaw.cg
    • 25 (1999)
    • p
    • Kod kreskowy
    • 2003200484500
    • r
    • Cena
    • 15.00
    • y
    • Status udostępniania
    • Tylko na miejscu
    • z
    • Sposób nabycia
952 -Egzemplarz [ , ]
    • a
    • Numer inwentarzowy
    • Ec.49425
    • c
    • Sygnatura
    • Ec.27640
    • d
    • Lokalizacja
    • BE Biblioteka Ekonomiczna
    • i
    • Nr tomu wydaw.cg
    • 26 (2000)
    • p
    • Kod kreskowy
    • 2003200494257
    • r
    • Cena
    • 20.00
    • y
    • Status udostępniania
    • Tylko na miejscu
    • z
    • Sposób nabycia
952 -Egzemplarz [ , ]
    • a
    • Numer inwentarzowy
    • Ec.50219
    • c
    • Sygnatura
    • Ec.27640
    • d
    • Lokalizacja
    • BE Biblioteka Ekonomiczna
    • i
    • Nr tomu wydaw.cg
    • 27 (2002)
    • p
    • Kod kreskowy
    • 2003200502198
    • r
    • Cena
    • 25.00
    • y
    • Status udostępniania
    • Tylko na miejscu
    • z
    • Sposób nabycia